| 000 | 00926nam a2200217Ia 4500 | ||
|---|---|---|---|
| 003 | IT-RoPAU | ||
| 005 | 20220918175907.0 | ||
| 008 | 120407s9999 xx 000 0 und d | ||
| 040 |
_aIT-RoPAU _c20131105152639.0 |
||
| 040 | _cIT-RoPAU | ||
| 041 | _aita | ||
| 100 |
_a Aberione, Giacomo _9964 |
||
| 245 |
_aSpiritualità paolina. _bDevozioni della prima settimana del mese. |
||
| 250 | _aI | ||
| 260 |
_aRoma _bTip. FSP _c1962 |
||
| 300 |
_a503 p. _c17 cm |
||
| 490 | _v1° Vol. | ||
| 520 | _aIndice per argomento Presentazione Le divozioni della prima settimana del mese Divozione a San Paolo Divozione alle anime purganti Divozione a San Giuseppe Divozione a Gesù Maestro Divozione alla Regina degli Apostoli Ore di Adorazione nella Prima Domenica del mese Indice per materia Gennaio Febbraio Marzo Aprile Maggio Giugno Luglio Agosto Settembre Ottobre Novembre Dicembre | ||
| 942 |
_cBK _2ddc |
||
| 999 |
_c35305 _d35305 |
||